Vybrané kapitoly strategického marketingu pro prezenční formu studia /

Hlavní autor: Bednarčík, Zdeněk, 1949-
Korporativní autor: Slezská univerzita. Obchodně podnikatelská fakulta
Další autoři: Ramík, Jaroslav, 1951-
Jazyk: Čeština
Vydáno: Karviná : Slezská univerzita v Opavě, Obchodně podnikatelská fakulta v Karviné, 2014
Témata:
Externí odkaz: Digitalizovaný dokument
Fyzický popis: 1 CD-ROM
Knihy
Uloženo v:
LEADER 01519nam a2200373 a 4500
001 001452213
003 CZ BrMZK
005 20160502165536.0
006 m||||||||d||||||||
007 co^cg
008 150128s2014 xr e 00| 0 cze
015 |a cnb002633673 
020 |a 978-80-7248-954-1  |q (CDR) 
040 |a BOA001  |b cze 
072 7 |a 658  |x Řízení a správa podniku  |2 Konspekt  |9 4 
072 7 |a 37.016  |x Učební osnovy. Vyučovací předměty. Učebnice  |2 Konspekt  |9 22 
080 |a 658.8:005.21  |2 MRF 
080 |a (075.8)  |2 MRF 
080 |a (0.034.44)  |2 MRF 
100 1 |a Bednarčík, Zdeněk,  |d 1949-  |7 mzk2008430739  |4 aut 
245 1 0 |a Vybrané kapitoly strategického marketingu  |h [elektronický zdroj] :  |b pro prezenční formu studia /  |c Zdeněk Bednarčík, Jaroslav Ramík 
260 |a Karviná :  |b Slezská univerzita v Opavě, Obchodně podnikatelská fakulta v Karviné,  |c 2014 
300 |a 1 CD-ROM 
500 |a Název z titulní obrazovky 
538 |a Požadavky na systém: Adobe Acrobat Reader 
650 0 7 |a strategický marketing  |7 ph116292  |2 czenas 
655 7 |a učebnice vysokých škol  |7 fd133772  |2 czenas 
655 7 |a CD-ROM  |7 fd133955  |2 czenas 
700 1 |a Ramík, Jaroslav,  |d 1951-  |7 ola2002108043  |4 aut 
710 2 |a Slezská univerzita.  |b Obchodně podnikatelská fakulta  |7 kn20010709324 
856 4 1 |u http://www.digitalniknihovna.cz/mzk/uuid/uuid:fb8bf2b6-2dfe-4a23-9a9f-07d8403f365c  |y Digitalizovaný dokument 
910 |a BOA001  |b CDR-1342.042 
990 |a BK 
991 |b 201505  |c NOV  |e n